MARC

LEADER 00000nam0a2200000 4500
001 67999
005 20231031074411.0
010 |a 5060038580 
035 |a (RuTPU)RU\TPU\book\72398 
090 |a 67999 
100 |a 20040929d2002 m y0rusy50 ca 
101 0 |a rus 
102 |a RU 
105 |a a j 001zy 
200 1 |a Экология  |e учебник для строительных специальностей вузов  |f А. Д. Потапов 
210 |a Москва  |c Высшая школа  |d 2002 
215 |a 446 с.  |c ил. 
320 |a Библиогр.: с. 441-445. 
610 1 |a экология 
610 1 |a учебники 
610 1 |a окружающая среда 
610 1 |a гидросфера 
610 1 |a атмосфера 
610 1 |a биосфера 
610 1 |a организмы 
610 1 |a человек 
610 1 |a загрязнения 
610 1 |a воздействия 
610 1 |a природные ресурсы 
610 1 |a ноосфера 
610 1 |a экологические проблемы 
675 |a 504(075.8)  |v 3 
700 1 |a Потапов  |b А. Д.  |g Александр Дмитриевич 
801 1 |a RU  |b 63413507  |c 20040929  |g PSBO 
801 2 |a RU  |b 63413507  |c 20201201  |g PSBO 
900 |a Экология и безопасность жизнедеятельности 
900 |a Экология 
942 |c BK 
952 |a 550100  |b 320000